000 00911nam a2200229Ia 4500
003 GCL
008 140319s9999 xx 000 0 ara d
020 _a7625064977
040 _aGCL /
_cGCL
082 0 4 _a004
_bا د
100 1 _aفاروق محمد العامرى
245 1 0 _aدليل الحاسب للمبرمجين والفنيين فى المكونات الداخلية والاجهزة الطرفية /
_cفاروق محمد العامرى
700 1 _aاحمد امين الششتاوى
250 _aالاولى
260 _aالقاهرة :
_bمركز ناصر للدراسات الالكترونية ،
_c1997
300 _a247 ص:
_bايض ؛
_c24 سم
490 _aموسوعة الششتاوى
_v1
650 0 4 _aالحاسبات الالكترونية
650 0 4 _aالبرامج الالية
650 0 4 _aالحاسبات الالكترونية - برامج
942 _2ddc
_cBK
999 _c47220
_d47220